[Event "Open Internacional Sant Marti 2023"]
[Site "?"]
[Date "2023.07.16"]
[Round "4.10"]
[White "Alcala Gonzalez, Cesar"]
[Black "Deshmukh, Anup"]
[Result "1-0"]
[BlackElo "2121"]
[WhiteElo "2329"]
[LiveChessVersion "1.4.8"]

1. d4 {[%clk 1:30:57]} Nf6 2. c4 {[%clk 1:31:13]} g6 {[%clk 1:31:07]} 3. Nc3 Bg7
{[%clk 1:31:29]} 4. e4 {[%clk 1:32:03]} d6 {[%clk 1:31:51]} 5. h3
{[%clk 1:32:07]} O-O 6. Be3 {[%clk 1:32:50]} c5 {[%clk 1:31:47]} 7. Nf3
{[%clk 1:26:57]} Qa5 {[%clk 1:20:09]} 8. Bd3 {[%clk 1:22:56]} e5 {[%clk 1:19:38]}
9. d5 {[%clk 1:07:17]} Nh5 {[%clk 1:19:18]} 10. g3 a6 {[%clk 1:18:43]} 11. Nd2
{[%clk 1:01:55]} Nd7 {[%clk 1:18:43]} 12. Be2 {[%clk 0:51:56]} Ndf6 13. Kf1 Bd7
{[%clk 0:58:01]} 14. a4 {[%clk 0:51:05]} Rab8 {[%clk 0:56:54]} 15. Kg2
{[%clk 0:44:48]} Qc7 {[%clk 0:56:03]} 16. Rb1 {[%clk 0:41:45]} b6
{[%clk 0:44:43]} 17. b4 h6 {[%clk 0:44:07]} 18. Qc2 {[%clk 0:35:45]} Kh7 19. a5
{[%clk 0:29:40]} cxb4 {[%clk 0:43:10]} 20. axb6 {[%clk 0:29:21]} Rxb6
{[%clk 0:43:46]} 21. Bxb6 {[%clk 0:29:07]} Qxb6 {[%clk 0:28:22]} 22. Na4 Qd4 23.
Rxb4 {[%clk 0:10:41]} a5 {[%clk 0:27:52]} 24. Nf3 {[%clk 0:08:41]} Qa7 25. Rb5
Bxb5 {[%clk 0:14:42]} 26. cxb5 {[%clk 0:09:10]} Qb7 {[%clk 0:14:15]} 27. Rc1
{[%clk 0:08:58]} Rb8 {[%clk 0:09:48]} 28. b6 {[%clk 0:08:07]} Nxe4
{[%clk 0:09:59]} 29. Qxe4 {[%clk 0:07:59]} Nf6 30. Qc4 {[%clk 0:07:46]} Nxd5
{[%clk 0:06:14]} 31. Qc6 Nxb6 {[%clk 0:04:48]} 32. Qxb7 {[%clk 0:07:43]} Rxb7
{[%clk 0:04:50]} 33. Rb1 {[%clk 0:08:38]} Nxa4 {[%clk 0:03:40]} 34. Rxb7
{[%clk 0:07:23]} Nc3 {[%clk 0:02:51]} 35. Kf1 {[%clk 0:06:48]} Kg8
{[%clk 0:02:05]} 36. Nd2 {[%clk 0:06:49]} e4 37. Nb1 1-0